Friends (A-Z) Quiz Stats

 Plays Quiz Updated Jun 25, 2018

Score 0/26 Timer 08:00
11 Plays Today
Letter Answer % Correct
BBen
96.1%
EEmma
92.9%
GGunther
90.6%
FFrank Jr.
87.6%
WWedding Dress
85.2%
ZSan Diego Zoo
83.8%
PPorn
82.6%
JJack
79.4%
YYemen
78.2%
OOklahoma
77.3%
SSandwiches
75.1%
UUnagi
68.4%
HMr. Heckles
68.1%
Letter Answer % Correct
DDollhouse
68%
RRalph Lauren
68%
QQuit smoking
66.5%
LLightning Round
64.1%
MMuriel
63.9%
TTrifle
61.9%
AApothecary Table
60.1%
CCups
59.9%
VViva Las Gay-gas
56%
KKeynote speaker
55%
NNobel Prize Winners
54.9%
XX rated
51.8%
IIsabella Rossellini
42.8%

You're not logged in!

Compare scores with friends on all Sporcle quizzes.
OR
Log In

Sporcle TV

Today on Sporcle TV


Watch our educational content, quiz creation guides, and fun videos on Sporcle TV.

Show Comments

Extras

Top Quizzes Today


Score Distribution

Your Account Isn't Verified!

In order to create a playlist on Sporcle, you need to verify the email address you used during registration. Go to your Sporcle Settings to finish the process.

Report this User

Report this user for behavior that violates our Community Guidelines.

Details: